Fungi and plant disease

Bibliographic Details
Main Author: MUNDKUR
Other Authors: Chattopadhyay
Format: Book
Published: Calcutta, India : Macmillan , 1967
Edition:2nd ed.
Subjects:

MARC

LEADER 00000cam a2200000 7i4500
001 0000000864
005 20001018.0
090 0 0 |a 632.4   |b MUN 1967 
100 1 0 |a MUNDKUR   |h Bhakhendra Bhavanishaker. 
245 1 0 |a Fungi and plant disease   |c B. B. Mundkur; revised and enlarged by S. B. Chattopadhyay 
250 0 0 |a 2nd ed. 
260 0 0 |a Calcutta, India :   |b Macmillan ,   |c 1967 
300 |a xii, 34 p. :   |b ill. ;   |c 22 cm. 
500 0 0 |a Includes bibliographical references and index 
650 0 0 |a Fungal diseases of plants 
650 0 0 |a Fungi 
650 0 0 |a Phytopathogenic fungi   |x Identification 
650 0 0 |a Plant diseases 
650 0 0 |a Plant diseases   |x Identification 
700 0 1 |a Chattopadhyay   |h S. B. 
999 |a 0000001678   |b Monograph   |c Open Shelf   |e Default branch